00678naa a22002057i 4500999001500000001000500015003000400020005001700024007000300041008004100044024001400085024002000099040000800119100002100127245005200148260006300200300001400263773018900277942000600466 c5426d54265645OSt20171113165429.0tu161220s2003 xxu||||| |||| 00| 0 d7 a56452RID7 a56452RSN (alt) cOSt1 aRòˆmisch, Roman10aRegional Disparities Within Accession Countries aCheltenham :bOesterreichische Nationalbank (OeNB),c2003. aS.183 ff.0 gpp. 183-208tEconomic Convergence and Divergence in Europe Growth and Regional Development in an Enlarged European Unionw5644dCheltenham : Oesterreichische Nationalbank (OeNB), 2003. cP